[Event "WYCC 2018 O16"]
[Site "Halkidiki"]
[Date "2018.10.26"]
[Round "7"]
[White "Talukdar, Rohan"]
[Black "Ibrahimli, Murad"]
[Result "0-1"]
[WhiteElo "2279"]
[BlackElo "2379"]
[Annotator "NA"]
[PlyCount "102"]
[EventDate "2018.10.20"]
[EventType "swiss"]
[EventCountry "GRE"]
[SourceTitle "playchess.com"]
[Source "ChessBase"]
[SourceQuality "1"]
[TimeControl "40/5400+30:1800+30"]

1. e4 {[%emt 0:00:00]} e5 {[%emt 0:00:00]} 2. Nf3 {[%emt 0:00:00]} Nc6 {[%emt 0:00:00]} 3. Bc4 {[%emt 0:00:00]} Nf6 {[%emt 0:00:09]} 4. d3 {[%emt 0:00:00]} Be7 {[%emt 0:00:20]} 5. O-O {[%emt 0:01:05]} O-O {[%emt 0:00:03]} 6. Bb3 {[%emt 0:00:34]} d6 {[%emt 0:00:19]} 7. c3 {[%emt 0:00:08]} Na5 {[%emt 0:02:03]} 8. Bc2 {[%emt 0:01:00]} c5 {[%emt 0:00:02]} 9. Nbd2 {[%emt 0:00:25]} Nc6 {[%emt 0:00:07]} 10. Re1 {[%emt 0:00:03]} Re8 {[%emt 0:00:56]} 11. a3 {[%emt 0:00:12]} Bf8 {[%emt 0:01:12]} 12. b4 {[%emt 0:00:46]} a6 {[%emt 0:01:15]} 13. Bb2 $11 {[%emt 0:04:11] LiveBook: 13 Games} Bg4 {[%emt 0:22:23]} 14. Nf1 {[%emt 0:14:36]} d5 {[%emt 0:29:31]} 15. exd5 {[%emt 0:01:11]} Nxd5 {[%emt 0:00:55]} 16. h3 {[%emt 0:02:50]} Bh5 {[%emt 0:02:40]} 17. Ng3 Bg6 18. Ne4 {[%emt 0:28:41]} cxb4 {[%emt 0:01:28]} 19. axb4 {[%emt 0:05:12]} h6 {[%emt 0:01:39]} 20. Qd2 {[%emt 0:05:17]} Qb6 {[%emt 0:05:00]} 21. Ba4 {[%emt 0:05:57]} Rad8 {[%emt 0:02:04]} 22. Qc2 {[%emt 0:00:39]} Nf4 {[%emt 0:01:57]} 23. Re3 {[%emt 0:03:25]} Rxd3 {[%emt 0:01:20]} 24. Rxd3 {[%emt 0:01:57]} Bxe4 {[%emt 0:00:04]} 25. Ne1 {[%emt 0:00:22]} Nxd3 {[%emt 0:00:30]} 26. Nxd3 {[%emt 0:00:03]} Qd8 {[%emt 0:01:07]} 27. Rd1 {[%emt 0:00:35]} Qg5 {[%emt 0:00:06]} 28. f3 {[%emt 0:06:47]} Bxf3 {[%emt 0:00:13]} 29. Rf1 {[%emt 0:00:02]} Bd5 {[%emt 0:03:41]} 30. Bb3 {[%emt 0:02:40]} Rd8 {[%emt 0:02:09]} 31. Bxd5 {[%emt 0:03:13]} Rxd5 {[%emt 0:00:06]} 32. Nf2 {[%emt 0:00:15]} Rd8 {[%emt 0:01:29]} 33. Bc1 {[%emt 0:00:35]} Qe7 {[%emt 0:03:23]} 34. Ne4 {[%emt 0:00:12]} Qe6 {[%emt 0:00:34]} 35. Qf2 {[%emt 0:01:08]} Qg6 {[%emt 0:01:29]} 36. Qf3 {[%emt 0:01:39]} Be7 {[%emt 0:00:50]} 37. g4 {[%emt 0:02:00]} Rd7 {[%emt 0:02:16]} 38. Qg2 {[%emt 0:02:34]} Nd8 {[%emt 0:01:36]} 39. Ng3 {[%emt 0:01:56]} Qc6 {[%emt 0:00:32]} 40. Ne4 {[%emt 0:00:29]} Ne6 {[%emt 0:00:35]} 41. Be3 {[%emt 0:01:20]} Rd3 {[%emt 0:07:38]} 42. Re1 {[%emt 0:02:28]} Bh4 {[%emt 0:02:47]} 43. Re2 {[%emt 0:00:31]} Nf4 {[%emt 0:03:24]} 44. Bxf4 {[%emt 0:01:07]} exf4 {[%emt 0:00:10]} 45. Qf1 {[%emt 0:00:37]} f3 {[%emt 0:01:03]} 46. Re1 {[%emt 0:01:18]} Rd2 {[%emt 0:01:14]} 47. Re3 {[%emt 0:00:47]} Rg2+ {[%emt 0:00:12]} 48. Kh1 {[%emt 0:00:12]} Qc7 {[%emt 0:00:02]} 49. Qxg2 {[%emt 0:02:12]} fxg2+ {[%emt 0:00:07]} 50. Kxg2 {[%emt 0:00:05]} g6 {[%emt 0:00:12]} 51. Nc5 {[%emt 0:01:04]} Qd8 0-1

[Event "WYCC 2018 O16"]
[Site "Halkidiki"]
[Date "2018.10.26"]
[Round "7"]
[White "Loiacono, Leonardo"]
[Black "Guerra Rivera, Salvador"]
[Result "1/2-1/2"]
[WhiteElo "2277"]
[BlackElo "2340"]
[Annotator "NA"]
[PlyCount "118"]
[EventDate "2018.10.20"]
[EventType "swiss"]
[EventCountry "GRE"]
[SourceTitle "playchess.com"]
[Source "ChessBase"]
[SourceQuality "1"]
[TimeControl "40/5400+30:1800+30"]

1. d4 {[%emt 0:00:00]} Nf6 {[%emt 0:00:00]} 2. c4 {[%emt 0:00:00]} e6 {[%emt 0:00:25]} 3. Nc3 {[%emt 0:00:00]} Bb4 {[%emt 0:00:28]} 4. Qc2 {[%emt 0:00:00]} d5 {[%emt 0:00:22]} 5. cxd5 {[%emt 0:00:00]} Qxd5 {[%emt 0:00:22]} 6. Nf3 {[%emt 0:00:14]} Qf5 {[%emt 0:00:13]} 7. Qxf5 {[%emt 0:00:23]} exf5 {[%emt 0:00:06]} 8. a3 {[%emt 0:03:32]} Bd6 {[%emt 0:00:10]} 9. e3 {[%emt 0:01:29]} c6 {[%emt 0:00:49]} 10. Bd3 {[%emt 0:01:12]} O-O {[%emt 0:01:09]} 11. O-O {[%emt 0:00:10]} Re8 {[%emt 0:01:14]} 12. Bd2 $11 {[%emt 0:02:26]} g6 {[%emt 0:01:06]} 13. Rfc1 {[%emt 0:04:03]} Nbd7 {[%emt 0:04:10]} 14. Na4 {[%emt 0:12:15]} Nb6 {[%emt 0:12:48]} 15. Nc5 {[%emt 0:02:05]} Nbd5 {[%emt 0:00:42]} 16. g3 {[%emt 0:07:09]} b6 {[%emt 0:03:11]} 17. Na4 {[%emt 0:02:35]} Bd7 {[%emt 0:07:07]} 18. b4 {[%emt 0:02:23]} Ne4 {[%emt 0:02:25]} 19. Be1 {[%emt 0:00:10]} h6 {[%emt 0:06:53]} 20. Nb2 {[%emt 0:03:25]} b5 {[%emt 0:03:37]} 21. Bb1 {[%emt 0:02:54]} Ng5 {[%emt 0:17:24]} 22. Nxg5 {[%emt 0:14:51]} hxg5 {[%emt 0:00:16]} 23. Nd3 {[%emt 0:00:10]} f4 {[%emt 0:09:09]} 24. e4 {[%emt 0:06:57]} Rxe4 {[%emt 0:01:27]} 25. Ne5 {[%emt 0:00:05]} Rxe5 {[%emt 0:01:54]} 26. dxe5 {[%emt 0:00:09]} Bxe5 {[%emt 0:00:03]} 27. Ra2 {[%emt 0:00:10]} Nb6 {[%emt 0:01:36]} 28. Re2 {[%emt 0:04:41]} Bf6 {[%emt 0:04:29]} 29. Ba2 {[%emt 0:02:06]} Bg4 {[%emt 0:02:38]} 30. Rec2 {[%emt 0:00:11]} Bf3 {[%emt 0:00:21]} 31. Bc3 {[%emt 0:00:51]} Kg7 {[%emt 0:01:32]} 32. Bxf6+ {[%emt 0:00:58]} Kxf6 {[%emt 0:00:05]} 33. gxf4 {[%emt 0:01:43]} gxf4 {[%emt 0:06:26]} 34. Rc3 {[%emt 0:00:41]} Bd5 {[%emt 0:00:20]} 35. Bxd5 {[%emt 0:00:24]} cxd5 {[%emt 0:00:03]} 36. Rc5 {[%emt 0:00:55]} Rd8 {[%emt 0:00:35]} 37. Rxb5 {[%emt 0:01:01]} d4 {[%emt 0:00:33]} 38. Rbc5 {[%emt 0:02:25]} d3 {[%emt 0:00:49]} 39. Rd1 {[%emt 0:01:25]} Na4 {[%emt 0:00:28]} 40. Rc7 {[%emt 0:00:00]} Ke5 {[%emt 0:00:00]} 41. Rd2 {[%emt 0:08:01]} Kd4 {[%emt 0:06:20]} 42. Rxa7 {[%emt 0:02:50]} Kc3 {[%emt 0:03:54]} 43. Rxd3+ {[%emt 0:00:15]} Kxd3 {[%emt 0:00:29]} 44. Rxa4 {[%emt 0:00:05]} Ke2 {[%emt 0:00:12]} 45. b5 {[%emt 0:03:19]} Rd1+ {[%emt 0:00:49]} 46. Kg2 {[%emt 0:00:04]} f3+ {[%emt 0:00:10]} 47. Kg3 {[%emt 0:00:29]} Rg1+ {[%emt 0:00:08]} 48. Kh3 {[%emt 0:00:04]} Kxf2 {[%emt 0:00:19]} 49. b6 {[%emt 0:00:11]} Rb1 {[%emt 0:04:01]} 50. Rb4 {[%emt 0:00:05]} Rxb4 {[%emt 0:00:04]} 51. axb4 {[%emt 0:00:05]} Kg1 {[%emt 0:01:32]} 52. b7 {[%emt 0:00:07]} f2 {[%emt 0:00:02]} 53. b8=Q {[%emt 0:00:05]} f1=Q+ {[%emt 0:00:14]} 54. Kh4 {[%emt 0:01:41]} Qf6+ {[%emt 0:00:08]} 55. Kg4 {[%emt 0:00:34]} Qf5+ {[%emt 0:00:09]} 56. Kg3 {[%emt 0:00:07]} Qf2+ {[%emt 0:00:44]} 57. Kh3 {[%emt 0:00:06]} Qf5+ {[%emt 0:02:23]} 58. Kg3 {[%emt 0:00:12]} Qf2+ {[%emt 0:02:59]} 59. Kh3 {[%emt 0:00:10]} Qf5+ {[%emt 0:00:21]} 1/2-1/2

[Event "WYCC 2018 O16"]
[Site "Halkidiki"]
[Date "2018.10.26"]
[Round "7"]
[White "Thilakarathne, G M H"]
[Black "Olsen, Filip Boe"]
[Result "1/2-1/2"]
[WhiteElo "2268"]
[BlackElo "2335"]
[Annotator "NA"]
[PlyCount "45"]
[EventDate "2018.10.20"]
[EventType "swiss"]
[EventCountry "GRE"]
[SourceTitle "playchess.com"]
[Source "ChessBase"]
[SourceQuality "1"]
[TimeControl "40/5400+30:1800+30"]

1. e4 {[%emt 0:00:00]} c6 {[%emt 0:00:00]} 2. d4 {[%emt 0:00:00]} d5 {[%emt 0:00:00]} 3. Nc3 {[%emt 0:00:00]} dxe4 {[%emt 0:00:00]} 4. Nxe4 {[%emt 0:00:00]} Bf5 {[%emt 0:01:33]} 5. Ng3 {[%emt 0:00:00]} Bg6 {[%emt 0:00:06]} 6. Nh3 {[%emt 0:00:56]} Nf6 {[%emt 0:04:45]} 7. c3 {[%emt 0:00:23]} Nbd7 {[%emt 0:01:27]} 8. Bc4 {[%emt 0:00:36]} e6 {[%emt 0:01:39]} 9. Nf4 {[%emt 0:00:43]} Bd6 {[%emt 0:02:48]} 10. h4 {[%emt 0:01:38]} Qc7 $11 {[%emt 0:04:12] LiveBook: 6 Games} 11. h5 {[%emt 0:01:00]} Bxf4 {[%emt 0:10:41]} 12. hxg6 {[%emt 0:00:19]} fxg6 {[%emt 0:01:38]} 13. Bxf4 {[%emt 0:00:24]} Qxf4 {[%emt 0:00:08]} 14. Bxe6 {[%emt 0:00:34]} O-O-O {[%emt 0:00:50]} 15. O-O {[%emt 0:02:13]} h5 {[%emt 0:04:26]} 16. Re1 {[%emt 0:31:07]} Kb8 {[%emt 0:07:16]} 17. Qc1 {[%emt 0:12:32]} g5 {[%emt 0:04:32]} 18. Nf5 {[%emt 0:09:19]} g6 {[%emt 0:05:00]} 19. Qxf4+ {[%emt 0:03:48]} gxf4 {[%emt 0:00:16]} 20. Nd6 {[%emt 0:00:35]} Rhf8 {[%emt 0:08:21]} 21. Nf7 {[%emt 0:01:10]} Rde8 {[%emt 0:01:01]} 22. Ng5 {[%emt 0:00:54]} Nb6 {[%emt 0:08:43]} 23. Bb3 {[%emt 0:14:59]} 1/2-1/2

[Event "WYCC 2018 O16"]
[Site "Halkidiki"]
[Date "2018.10.26"]
[Round "7"]
[White "Nielsen, Andre"]
[Black "Alivodic, Dario"]
[Result "0-1"]
[WhiteElo "2260"]
[BlackElo "2082"]
[Annotator "NA"]
[PlyCount "78"]
[EventDate "2018.10.20"]
[EventType "swiss"]
[EventCountry "GRE"]
[SourceTitle "playchess.com"]
[Source "ChessBase"]
[SourceQuality "1"]
[TimeControl "40/5400+30:1800+30"]

1. e4 {[%emt 0:00:00]} e6 {[%emt 0:00:00]} 2. d4 {[%emt 0:00:00]} d5 {[%emt 0:00:00]} 3. Nc3 {[%emt 0:00:00]} Bb4 {[%emt 0:00:00]} 4. e5 {[%emt 0:00:13]} c5 {[%emt 0:00:00]} 5. a3 {[%emt 0:00:13]} Bxc3+ {[%emt 0:00:00]} 6. bxc3 {[%emt 0:00:11]} Ne7 {[%emt 0:00:00]} 7. a4 {[%emt 0:06:16]} Qa5 {[%emt 0:04:30]} 8. Qd2 {[%emt 0:01:19]} b6 {[%emt 0:10:01]} 9. Bb5+ {[%emt 0:08:14]} Bd7 {[%emt 0:01:00]} 10. Bd3 {[%emt 0:02:51]} Bxa4 {[%emt 0:06:24]} 11. Ba3 {[%emt 0:02:02]} Nec6 {[%emt 0:02:13]} 12. Nf3 {[%emt 0:03:54]} Nd7 {[%emt 0:01:02]} 13. O-O {[%emt 0:01:37]} b5 {[%emt 0:08:29]} 14. Qg5 {[%emt 0:12:29]} Qxc3 {[%emt 0:03:09]} 15. Qxg7 {[%emt 0:03:35]} Rf8 {[%emt 0:02:16]} 16. Ng5 {[%emt 0:17:18]} b4 {[%emt 0:10:12]} 17. Bb2 {[%emt 0:04:51]} Qxb2 {[%emt 0:00:11]} 18. Rxa4 {[%emt 0:00:21]} Qxd4 {[%emt 0:04:17]} 19. Nxh7 {[%emt 0:08:13]} Ncxe5 {[%emt 0:08:51]} 20. Kh1 {[%emt 0:01:19]} Nc6 {[%emt 0:01:00]} 21. Qxd4 {[%emt 0:10:03]} Nxd4 {[%emt 0:00:11]} 22. Nxf8 {[%emt 0:00:07]} Kxf8 {[%emt 0:00:23]} 23. Rfa1 {[%emt 0:01:39]} Ne5 {[%emt 0:07:05]} 24. f4 {[%emt 0:03:54]} Nec6 {[%emt 0:04:29]} 25. Rc1 {[%emt 0:00:36]} c4 {[%emt 0:00:53]} 26. Bf1 {[%emt 0:00:24]} a5 {[%emt 0:00:16]} 27. Kg1 {[%emt 0:01:17]} Ke7 {[%emt 0:00:36]} 28. Kf2 {[%emt 0:00:34]} Kd6 {[%emt 0:00:10]} 29. g4 {[%emt 0:00:50]} Kc5 {[%emt 0:00:14]} 30. h4 {[%emt 0:01:19]} Kb5 {[%emt 0:00:06]} 31. Ra2 {[%emt 0:01:17]} a4 {[%emt 0:01:05]} 32. Ke3 {[%emt 0:00:39]} Rg8 {[%emt 0:02:43]} 33. Bh3 {[%emt 0:02:08]} b3 {[%emt 0:00:23]} 34. cxb3 {[%emt 0:00:36]} axb3 {[%emt 0:03:18]} 35. Rb2 {[%emt 0:00:43]} Kb4 {[%emt 0:00:10]} 36. Rbb1 {[%emt 0:00:27]} c3 {[%emt 0:01:05]} 37. Kd3 {[%emt 0:01:27]} c2 {[%emt 0:00:10]} 38. Rb2 {[%emt 0:00:18]} Ka3 {[%emt 0:00:16]} 39. Kc3 {[%emt 0:04:50]} Ne2+ {[%emt 0:00:21]} 0-1

[Event "WYCC 2018 O16"]
[Site "Halkidiki"]
[Date "2018.10.26"]
[Round "7"]
[White "Semjonovs, Ilja"]
[Black "Kosakowski, Jakub"]
[Result "0-1"]
[WhiteElo "2245"]
[BlackElo "2413"]
[Annotator "TA"]
[PlyCount "115"]
[EventDate "2018.10.20"]
[EventType "swiss"]
[EventCountry "GRE"]
[SourceTitle "playchess.com"]
[Source "ChessBase"]
[SourceQuality "1"]

{[%evp 17,115,5,6,0,4,-11,-18,-38,-42,-145,-123,-139,-135,-140,-91,-99,-37,-42,-35,-37,-4,-41,-38,-51,-54,-53,-43,-65,-58,-62,-60,-65,-62,-105,-105,-105,-105,-105,-98,-105,-105,-125,-110,-110,-110,-125,-125,-125,-125,-126,-126,-169,-166,-163,-152,-212,-212,-274,-273,-359,-340,-447,-442,-489,-476,-429,-455,-556,-554,-537,-524,-688,-618,-989,-697,-1815,-1587,-1258,-1039,-1870,-1749,-1806,-1499,-1651,-1583,-5455,-5254,-5057,-4875,-3139,-2495,-29970,-29973,-29973,-29974,-29974,-29974,-29973,-29974,-29989]} 1. e4 e5 2. Nf3 Nc6 3. Bb5 a6 4. Ba4 b5 5. Bb3 Na5 6. O-O d6 7. c3 Nxb3 8. axb3 Nf6 9. Re1 Bb7 {LiveBook: 5 Partien} 10. d4 {C79: Spanische Partie (Russische Variante)} Nxe4 11. dxe5 dxe5 12. Qc2 {Die Stellung ist ausgeglichen.} f5 13. Nxe5 (13. Nbd2 $1 $15) 13... Bd6 $17 14. Nf3 O-O 15. Nbd2 $146 ({Vorgänger:} 15. c4 b4 16. Be3 f4 17. Bd4 Ng5 {0-1 (27) Panas,P (2175)-Kasperek,R (2300) Wisla 1998}) 15... Nxd2 16. Qxd2 Qf6 (16... Re8 $17 17. b4 Qf6) 17. Qg5 $1 $15 Qxg5 18. Bxg5 Rae8 {[#] ...f4 ist eine echte Drohung.} (18... Bxf3 $5 19. gxf3 Rfe8 $15) 19. Rxe8 Rxe8 20. Re1 Rxe1+ 21. Nxe1 {[%mdl 4096] Endspiel KLL-KLS} c5 22. Bd2 Kf7 23. f3 Bd5 24. b4 $1 Bc4 25. Kf2 cxb4 26. cxb4 Be5 ({Nicht} 26... Bxh2 $2 27. g3 $16) 27. Bc1 Ke6 ({Minderwertig wäre} 27... Bxh2 28. g3 $16) 28. f4 Bd4+ 29. Kg3 Be2 30. Nc2 Bf6 31. Kf2 Bd3 32. Ne3 h6 33. g3 g5 34. Ke1 gxf4 35. gxf4 Be7 36. Bd2 (36. Kd2 $17 Be4 37. Kc3) 36... Bd6 $19 37. Nd1 Kd5 38. Ne3+ Ke4 39. Nd1 Kf3 40. Nc3 Bxb4 41. Nd5 Bd6 42. Nb4 Be4 43. Nxa6 h5 {[%cal Bh6h5,Bh5h4,Bh4h3][%mdl 32]} 44. b4 h4 45. Nc5 h3 46. Kf1 Bd5 47. Nd7 Bc4+ 48. Ke1 Kg2 49. Ne5 Bd5 50. Ng6 Bc7 51. Be3 Bd8 52. Bc5 Kxh2 53. Kf2 Bf6 54. Be3 Bf7 {Schwarz setzt Matt.} 55. Ne5 Bh4+ 56. Kf1 Bd5 57. Bf2 Bf6 58. Bh4 {Precision: Weiß = 38%, Schwarz = 85%.} 0-1

[Event "WYCC 2018 O16"]
[Site "Halkidiki"]
[Date "2018.10.26"]
[Round "7"]
[White "Juksta, Karolis"]
[Black "Baenziger, Fabian"]
[Result "1-0"]
[WhiteElo "2234"]
[BlackElo "2355"]
[Annotator "NA"]
[PlyCount "55"]
[EventDate "2018.10.20"]
[EventType "swiss"]
[EventCountry "GRE"]
[SourceTitle "playchess.com"]
[Source "ChessBase"]
[SourceQuality "1"]
[TimeControl "40/5400+30:1800+30"]

1. d4 {[%emt 0:00:00]} Nf6 {[%emt 0:00:00]} 2. c4 {[%emt 0:00:00]} e6 {[%emt 0:00:00]} 3. Nc3 {[%emt 0:00:00]} Bb4 {[%emt 0:00:00]} 4. f3 {[%emt 0:00:00]} c5 {[%emt 0:00:00]} 5. a3 {[%emt 0:00:13]} Bxc3+ {[%emt 0:00:04]} 6. bxc3 {[%emt 0:00:05]} Nc6 {[%emt 0:00:06]} 7. e4 {[%emt 0:01:18]} d6 {[%emt 0:00:05]} 8. Be3 {[%emt 0:00:16]} b6 {[%emt 0:00:04]} 9. Bd3 {[%emt 0:00:50]} Na5 {[%emt 0:00:39]} 10. Ne2 {[%emt 0:03:33]} Ba6 {[%emt 0:00:34]} 11. Ng3 {[%emt 0:00:17]} Qc7 {[%emt 0:01:08]} 12. Rc1 {[%emt 0:09:14]} Rc8 {[%emt 0:00:28]} 13. O-O {[%emt 0:33:20]} O-O {[%emt 0:04:43]} 14. dxc5 {[%emt 0:06:19]} bxc5 {[%emt 0:10:17]} 15. Qe2 {[%emt 0:02:54]} Nd7 {[%emt 0:08:54]} 16. f4 {[%emt 0:01:11]} f6 {[%emt 0:01:57]} 17. e5 {[%emt 0:07:53]} dxe5 {[%emt 0:01:48]} 18. f5 {[%emt 0:00:16]} e4 {[%emt 0:04:02]} 19. Bxe4 {[%emt 0:14:04]} Bxc4 {[%emt 0:01:19]} 20. Qh5 {[%emt 0:00:38]} Ne5 {[%emt 0:08:48]} 21. fxe6 {[%emt 0:01:45]} g6 {[%emt 0:00:57]} 22. Qh4 {[%emt 0:00:02]} Qe7 {[%emt 0:03:57]} 23. Rfe1 {[%emt 0:13:17]} Bxe6 {[%emt 0:01:20]} 24. Bh6 {[%emt 0:00:48]} Rfe8 {[%emt 0:01:27]} 25. h3 {[%emt 0:01:17]} Bc4 {[%emt 0:08:56]} 26. Rc2 {[%emt 0:01:00]} Nf7 {[%emt 0:01:22]} 27. Nh5 {[%emt 0:01:36]} Nxh6 {[%emt 0:03:37]} 28. Bd5+ {[%emt 0:00:24]} 1-0

[Event "WYCC 2018 O16"]
[Site "Halkidiki"]
[Date "2018.10.26"]
[Round "7"]
[White "Lund, Gunnar"]
[Black "Onslow, Alfie"]
[Result "1-0"]
[WhiteElo "2227"]
[BlackElo "2037"]
[Annotator "NA"]
[PlyCount "61"]
[EventDate "2018.10.20"]
[EventType "swiss"]
[EventCountry "GRE"]
[SourceTitle "playchess.com"]
[Source "ChessBase"]
[SourceQuality "1"]
[TimeControl "40/5400+30:1800+30"]

1. d4 {[%emt 0:00:00]} d5 {[%emt 0:00:00]} 2. Bf4 {[%emt 0:00:00]} Nf6 {[%emt 0:00:00]} 3. e3 {[%emt 0:00:20]} c5 {[%emt 0:00:01]} 4. c3 {[%emt 0:00:08]} Nc6 {[%emt 0:00:06]} 5. Nd2 {[%emt 0:00:07]} Bf5 {[%emt 0:01:32]} 6. Ngf3 {[%emt 0:00:07]} e6 {[%emt 0:04:03]} 7. Qb3 {[%emt 0:00:34]} Qb6 {[%emt 0:02:44]} 8. Qxb6 {[%emt 0:16:35]} axb6 {[%emt 0:00:02]} 9. Bb5 {[%emt 0:06:21]} Be7 {[%emt 0:09:46]} 10. Bc7 {[%emt 0:06:50]} Nd7 {[%emt 0:06:19]} 11. O-O {[%emt 0:04:42]} O-O {[%emt 0:03:31]} 12. Rfe1 {[%emt 0:00:37]} Rfc8 {[%emt 0:07:46]} 13. Bg3 {[%emt 0:01:43]} Nf6 {[%emt 0:04:43]} 14. h3 {[%emt 0:07:22]} h6 {[%emt 0:00:50]} 15. Ne5 {[%emt 0:00:14]} Nxe5 {[%emt 0:02:34]} 16. Bxe5 {[%emt 0:00:18]} Ne4 {[%emt 0:05:19]} 17. Nxe4 {[%emt 0:01:02]} Bxe4 {[%emt 0:00:16]} 18. f3 {[%emt 0:00:57]} Bg6 {[%emt 0:00:13]} 19. Bg3 {[%emt 0:00:59]} c4 {[%emt 0:23:09]} 20. e4 {[%emt 0:03:49]} Ra5 {[%emt 0:02:16]} 21. a4 {[%emt 0:00:32]} dxe4 {[%emt 0:03:53]} 22. fxe4 {[%emt 0:00:49]} Kf8 {[%emt 0:11:54]} 23. Kh2 {[%emt 0:02:59]} Rca8 {[%emt 0:02:40]} 24. Rad1 {[%emt 0:04:50]} Bh5 {[%emt 0:01:28]} 25. Rd2 {[%emt 0:00:45]} Rd8 {[%emt 0:01:00]} 26. Rf2 {[%emt 0:04:21]} f6 {[%emt 0:01:38]} 27. Bc7 {[%emt 0:00:29]} Bd6+ {[%emt 0:00:11]} 28. Bxd6+ {[%emt 0:00:06]} Rxd6 {[%emt 0:00:01]} 29. e5 {[%emt 0:00:06]} Rd8 {[%emt 0:01:05]} 30. exf6 {[%emt 0:00:07]} Be8 {[%emt 0:01:04]} 31. Bxc4 {[%emt 0:02:37]} 1-0

[Event "WYCC 2018 O16"]
[Site "Halkidiki"]
[Date "2018.10.26"]
[Round "7"]
[White "Wang, Yanbin"]
[Black "Wijesinghe, N L C Dojitha"]
[Result "1-0"]
[WhiteElo "2220"]
[BlackElo "1688"]
[Annotator "NA"]
[PlyCount "95"]
[EventDate "2018.10.20"]
[EventType "swiss"]
[EventCountry "GRE"]
[SourceTitle "playchess.com"]
[Source "ChessBase"]
[SourceQuality "1"]
[TimeControl "40/5400+30:1800+30"]

1. Nf3 {[%emt 0:00:00]} Nf6 {[%emt 0:00:14]} 2. g3 {[%emt 0:00:00]} d5 {[%emt 0:00:55]} 3. Bg2 {[%emt 0:00:00]} g6 {[%emt 0:00:15]} 4. O-O {[%emt 0:00:00]} Bg7 {[%emt 0:00:05]} 5. d3 {[%emt 0:00:06]} c5 {[%emt 0:00:39]} 6. Nbd2 {[%emt 0:00:08]} Nc6 {[%emt 0:00:14]} 7. e4 {[%emt 0:00:16]} O-O {[%emt 0:00:21]} 8. Qe2 {[%emt 0:00:36]} e6 {[%emt 0:01:39]} 9. Rd1 {[%emt 0:00:25]} Re8 {[%emt 0:01:47]} 10. a4 {[%emt 0:00:41]} a5 {[%emt 0:00:43]} 11. Nf1 {[%emt 0:00:52]} e5 {[%emt 0:07:49]} 12. exd5 {[%emt 0:01:32]} Nxd5 {[%emt 0:00:13]} 13. c3 {[%emt 0:00:20]} f5 {[%emt 0:09:48]} 14. Bg5 {[%emt 0:01:01]} Qd7 {[%emt 0:09:24]} 15. d4 {[%emt 0:04:08]} cxd4 {[%emt 0:13:31]} 16. Nxd4 {[%emt 0:25:12]} Nxd4 {[%emt 0:13:32]} 17. cxd4 {[%emt 0:00:46]} e4 {[%emt 0:01:53]} 18. f3 {[%emt 0:00:45]} h6 {[%emt 0:02:35]} 19. fxe4 {[%emt 0:01:31]} Kh7 {[%emt 0:07:21]} 20. Qc4 {[%emt 0:02:48]} Nb6 {[%emt 0:04:08]} 21. Qb3 {[%emt 0:00:31]} Bxd4+ {[%emt 0:12:12]} 22. Rxd4 {[%emt 0:00:17]} Qxd4+ {[%emt 0:00:58]} 23. Be3 {[%emt 0:00:04]} Qf6 {[%emt 0:00:58]} 24. Bxb6 {[%emt 0:00:47]} Be6 {[%emt 0:01:10]} 25. Qb5 {[%emt 0:00:41]} Bc4 {[%emt 0:01:50]} 26. Qd7+ {[%emt 0:00:51]} Re7 {[%emt 0:00:32]} 27. Qd4 {[%emt 0:00:06]} Qxd4+ {[%emt 0:00:15]} 28. Bxd4 {[%emt 0:00:02]} fxe4 {[%emt 0:00:31]} 29. Ne3 {[%emt 0:00:04]} Bd3 {[%emt 0:02:06]} 30. Nd5 {[%emt 0:00:08]} Rf7 {[%emt 0:02:40]} 31. Nf6+ {[%emt 0:00:05]} Kh8 {[%emt 0:00:49]} 32. Nxe4+ {[%emt 0:00:05]} Kh7 {[%emt 0:00:09]} 33. Nf6+ {[%emt 0:00:16]} Kg7 {[%emt 0:00:17]} 34. Ng4+ {[%emt 0:00:23]} Kh7 {[%emt 0:01:04]} 35. Ne5 {[%emt 0:00:05]} Re7 {[%emt 0:00:41]} 36. Nxd3 {[%emt 0:00:16]} Rd7 {[%emt 0:00:45]} 37. Bc3 {[%emt 0:00:11]} Rxd3 {[%emt 0:00:27]} 38. Bxb7 {[%emt 0:00:04]} Ra7 {[%emt 0:01:06]} 39. Be4 {[%emt 0:00:08]} Rd6 {[%emt 0:00:50]} 40. Rf1 {[%emt 0:00:00]} Rd8 {[%emt 0:00:00]} 41. Rf6 {[%emt 0:00:31]} Rg8 {[%emt 0:02:37]} 42. g4 {[%emt 0:00:07]} Re7 {[%emt 0:05:50]} 43. Bc2 {[%emt 0:00:05]} Rc7 {[%emt 0:02:03]} 44. h4 {[%emt 0:00:17]} h5 {[%emt 0:07:22]} 45. gxh5 {[%emt 0:00:19]} Kh6 {[%emt 0:00:55]} 46. Rxg6+ {[%emt 0:00:25]} Rxg6+ {[%emt 0:00:11]} 47. hxg6 {[%emt 0:00:02]} Rc4 {[%emt 0:00:43]} 48. g7 {[%emt 0:01:16]} 1-0

[Event "WYCC 2018 O16"]
[Site "Halkidiki"]
[Date "2018.10.26"]
[Round "7"]
[White "Gabizon, Eyal"]
[Black "Vrolijk, Liam"]
[Result "0-1"]
[WhiteElo "2205"]
[BlackElo "2437"]
[Annotator "NA RC"]
[PlyCount "70"]
[EventDate "2018.10.20"]
[EventType "swiss"]
[EventCountry "GRE"]
[SourceTitle "playchess.com"]
[Source "ChessBase"]
[SourceQuality "1"]
[TimeControl "40/5400+30:1800+30"]

1. d4 {[%emt 0:00:00]} Nf6 {[%emt 0:00:00]} 2. c4 {[%emt 0:00:00]} e6 {[%emt 0:00:00]} 3. Nc3 {[%emt 0:00:00]} Bb4 {[%emt 0:00:00]} 4. e3 {[%emt 0:00:00]} O-O {[%emt 0:00:00]} 5. Bd3 {[%emt 0:00:00]} d5 {[%emt 0:00:03]} 6. cxd5 {[%emt 0:00:00]} exd5 {[%emt 0:00:09]} 7. Nge2 {[%emt 0:00:00] LiveBook: 658 Games} Re8 {[%emt 0:02:23]} 8. O-O {[%emt 0:00:02]} Bd6 {[%emt 0:02:58]} 9. Ng3 {[%emt 0:09:09]} b6 {[%emt 0:06:40]} 10. Bd2 {[%emt 0:03:37]} c5 $11 {[%emt 0:03:50]} 11. dxc5 {[%emt 0:11:19]} bxc5 {[%emt 0:00:42]} 12. Rc1 {[%emt 0:02:13]} Nbd7 {[%emt 0:04:43]} 13. Re1 {[%emt 0:14:30]} Bb7 {[%emt 0:06:23]} 14. Qa4 {[%emt 0:10:49]} Ne5 {[%emt 0:14:36]} 15. Bf1 {[%emt 0:00:52]} a6 {[%emt 0:06:47]} 16. f3 {[%emt 0:04:50]} g6 {[%emt 0:05:27]} 17. Rcd1 {[%emt 0:08:52]} h5 {[%emt 0:11:36]} 18. f4 {[%emt 0:13:29]} Ned7 {[%emt 0:05:40]} 19. e4 {[%emt 0:03:20]} h4 {[%emt 0:03:47]} 20. Nh1 {[%emt 0:01:53]} c4 {[%emt 0:06:48]} 21. Nf2 {[%emt 0:05:10]} Bc5 {[%emt 0:00:31]} 22. Be3 {[%emt 0:04:18]} Bxe3 {[%emt 0:03:03]} 23. Rxe3 {[%emt 0:00:06]} Qb6 {[%emt 0:00:09]} 24. Re2 {[%emt 0:00:39]} Nc5 {[%emt 0:01:17]} 25. Qc2 {[%emt 0:00:04]} Ncxe4 {[%emt 0:02:02]} 26. Kh1 {[%emt 0:00:29]} Nxf2+ {[%emt 0:00:21]} 27. Rxf2 {[%emt 0:00:01]} Ng4 {[%emt 0:00:09]} 28. Rf3 {[%emt 0:02:01]} Ne3 {[%emt 0:00:52]} 29. Qf2 {[%emt 0:02:51]} d4 {[%emt 0:00:21]} 30. Rh3 {[%emt 0:00:35]} Qf6 {[%emt 0:01:16]} 31. Rxe3 {[%emt 0:02:50]} dxe3 {[%emt 0:00:38]} 32. Qe2 {[%emt 0:00:39]} Qxf4 {[%emt 0:00:51]} 33. Qxc4 {[%emt 0:01:00]} Qxc4 {[%emt 0:00:13]} 34. Bxc4 {[%emt 0:00:03]} Rad8 {[%emt 0:00:23]} 35. Rf1 {[%emt 0:00:09]} Re7 {[%emt 0:00:16]} 0-1